Primer y Segundo curso de portugués, con la clave de temas : [método de Ahn

Gespeichert in:
Bibliographische Detailangaben
1. Verfasser: Hidalgo, Francisco de Paula
Format: Buch
Sprache:Spanisch
Erschienen: Madrid : Casa Editorial Bailly-Baillière , [1870?]
Katalog:MANES:  Suchergebnis im Bibliothekskatalog
Schulbuchspezifische Eigenschaften:
Tags: Tag hinzufügen
Keine Tags, Fügen Sie den ersten Tag hinzu!
Hinzugefügt zu:17.03.1998
Geändert in:07.05.2025

MARC

LEADER 00000cam a2200000 i 4500
005 20250507134556.0
008 980318q1870 esp f 000 0 spa
040 |a uned  |b spa  |c entro-manes 
100 1 |a Hidalgo, Francisco de Paula  |9 20063 
245 1 0 |a Primer y Segundo curso de portugués, con la clave de temas :   |b [método de Ahn /   |c arreglado por Francisco de P. Hidalgo] 
246 1 5 |a Métodos de Ahn :   |b portugués completo 
260 |a Madrid  |b  : Casa Editorial Bailly-Baillière  |c , [1870?] 
300 |a 3 tomos en 1 vol. (93, 84 y 35 p.) 
546 |a España 
561 |5 es-BUNED  |3 L.T. 3061  |a España. Fondo Manes UNED  |k MANES 
690 0 |a LE 
942 |2 ddc  |c BK 
999 |c 97673  |d 97673 
999 |c manes:97673  |d 97673